<?xml version="1.0" encoding="UTF-8"?>
<marc:record xmlns:marc="http://www.loc.gov/MARC21/slim">
   <marc:leader>00000nam a2200000 a 4500</marc:leader>
   <marc:datafield ind1="1" ind2=" " tag="100">
      <marc:subfield code="a">Saldanha, Carlos</marc:subfield>
   </marc:datafield>
   <marc:datafield ind1="0" ind2="0" tag="245">
      <marc:subfield code="a">Ice Age 2 - Jetzt taut`s</marc:subfield>
   </marc:datafield>
   <marc:datafield ind1="0" ind2="0" tag="245">
      <marc:subfield code="b">Special Edition 2 DVDs</marc:subfield>
   </marc:datafield>
   <marc:datafield ind1=" " ind2="1" tag="264">
      <marc:subfield code="c">2006</marc:subfield>
   </marc:datafield>
   <marc:datafield ind1="1" ind2=" " tag="520">
      <marc:subfield code="a">Das Liebesleben eines Mammuts &#x96; natürlich Kinderfilm-tauglich behandelt &#x96; steht im Zentrum dieser Fortsetzung zum Computer-animierten Superhit aus dem Jahr 2002. Während die drei prähistorischen Helden Mammut Manfred, Faultier Sid und Säbelzahntiger Diego im ersten Teil in einer Art &#x84;Drei Säugetiere und ein Baby&#x93; ein verlorenes Menschenkind zurück zu seinem Stamm brachten, verzichtet die Fortsetzung auf ein ähnlich formelhaftes Story-Gerüst und verlässt sich bei seinem sehr episodenhaft angelegten Plot voll und ganz auf das erfolgserprobte Zusammenspiel seiner Figuren. Und das langt trotz dünner Handlung für einen richtig unterhaltsamen Film.</marc:subfield>
   </marc:datafield>
   <marc:datafield ind1="0" ind2=" " tag="490">
      <marc:subfield code="v">0</marc:subfield>
   </marc:datafield>
   <marc:datafield ind1=" " ind2=" " tag="300">
      <marc:subfield code="a">87 min</marc:subfield>
   </marc:datafield>
</marc:record>
